| 000 | 00369 a2200157 4500 | ||
|---|---|---|---|
| 001 | 188224 | ||
| 020 | _a978-85-86740-66-4 | ||
| 040 | _cMagnum | ||
| 100 | _aSorrenti, Neusa | ||
| 240 | 1 | 0 |
_aVocĂȘ vai ver quando seu pai chegar _lpor |
| 245 | 1 | 0 | _aVocĂȘ vai ver quando seu pai chegar |
| 300 | _a24 | ||
| 362 | 0 | _a2009 | |
| 697 | _aLITERATURA INFANTIL | ||
| 942 | _cBK | ||
| 999 |
_c188224 _d188224 |
||